Countries with lower obesity rates - Statistics

General Stats
  • This quiz has been taken 5 times
  • The average score is 4 of 10
Answer Stats
Percentage Countries % Correct
3.9% India
60%
4.3% Japan
60%
4.7% South Korea
60%
2.1% Vietnam
60%
3.6% Bangladesh
40%
3.9% Cambodia
40%
3.8% East Timor
40%
4.1% Nepal
20%
5% Eritrea
0%
4.5% Ethiopia
0%
No matching quizzes found
Score Distribution
Percent of People with Each Score
Percentile by Number Answered
Your Score History
You have not taken this quiz